Responses for show #8264 - Thursday, October 22, 2020

Contestants

[<< previous game]

Colin Davy, a data scientist originally from Chicago, Illinois

Lindsey Packer, a miniaturist originally from Los Angeles, California

Aimee Lim, a library page from Arcadia, California (whose 1-day cash winnings total $25,200)

[next game >>]

Jeopardy! Round responses

LITERARY CHARACTERS
AMERICAN SUPERLATIVES
CHAIN STORES
ABBREVIATED BANDS
THINGS TO DO ON A RAINY DAY
WHEN "A" BECOMES THE FIRST LETTER...
    $200 1
Quasimodo

Lindsey
    $200 30
a bridge

Triple Stumper
    $200 16
Target

Colin
    $200 9
New Kids on the Block

Colin
    $200 20
(foreign) languages

Aimee
    $200 11
amaze

Colin
    $400 2
Scout

Colin
    $400 27
(Colin: What is the Hoover Dam?)

dam

Colin
Triple Stumper
    $400 18
Costco

Colin
    $400 13
Nine Inch Nails

Aimee
    $400 23
[Chuckles from Alex and the audience during the reading of the clue in reaction to the dog's picture]
...
(Alex: You gotta laugh at that.)

Mardi Gras

Colin
    $400 14
atone

Aimee
    $600 4
Rip Van Winkle

Colin
    $600 26
the FBI

Colin
    $600 19
(Aimee: Uh, what is Home Depot?)

Ace

AimeeLindsey
    $600 12
Creedence Clearwater Revival

Colin
    $600 29
Beethoven

Aimee
    $600 15
aspire

Lindsey
    $1,000 6
Dorian Gray

Lindsey
    $800 25
Boeing

Colin
    $800 17
Old Navy

Lindsey
    $800 10
Rage Against the Machine

Aimee
    $800 28
spark joy

Lindsey
    $800 21
abut

Triple Stumper
    $1000 7
A Confederacy of Dunces

Colin
    $1000 24
county

Triple Stumper
    $1000 3
LensCrafters

Lindsey
    $1000 5
Blue Öyster Cult

Lindsey
    $1000 8
Bob Ross

Lindsey
    $1000 22
an abode

Aimee

Scores at the first commercial break (after clue 15):

Aimee Lindsey Colin
$1,600 $4,800 $3,000

Scores at the end of the Jeopardy! Round:

Aimee Lindsey Colin
$2,800 $7,000 $5,000

Double Jeopardy! Round responses

EXPLORERS
ON THE COVER
CAPITAL BIRTHPLACES
CHEMICAL ELEMENTS
DAYTIME TV
ANIMAL QUOTES
    $400 7
the Northwest Passage

Aimee
    $400 1
the Moon

Colin
    $400 18
Tokyo

Aimee
    $400 22
hydrogen

Aimee
    $400 27
The Price is Right

Colin
    $400 8
(Aimee: What is a dog?)

puppy

AimeeLindsey
    $800 3
the Nile

Triple Stumper
    $800 13
Wilbur Wright

Aimee
    $800 17
Moscow

Triple Stumper
    $800 21
potassium

Aimee
    $800 26
Judge Judy

Colin
    $800 9
(Colin: What are kings?)

horses

LindseyColin
    $1200 4
Livingstone

Colin
    $1200 14
Norman Rockwell

Aimee
    $1200 6
(Colin: What is Sweden?)
(Aimee: What is Stockholm?)

Vienna

AimeeLindseyColin
    $4,000 5
titanium

Colin
    $1200 28
The View

Colin
    $1200 10
an elephant

Aimee
    $1600 20
(Aimee: What is Aksum?)

Timbuktu

AimeeColin
    $1600 15
(Colin: What is a Mustang?)

the Spitfire

Colin
Triple Stumper
    $5,400 2
Prague

Colin
    $1600 23
xenon

Aimee
    $1600 29
All My Children

Triple Stumper
    $1600 11
a shark

Lindsey
    $2000 25
ice shelf

Colin
    $2000 16
Gettysburg & Vicksburg

Triple Stumper
    $2000 19
Brussels

Lindsey
    $2000 24
(Aimee: What is Polonium?)

germanium

Aimee
Triple Stumper
    $2000 30
Jack Hanna

Triple Stumper
    $2000 12
a crow

Triple Stumper

Scores at the end of the Double Jeopardy! Round:

Aimee Lindsey Colin
$4,400 $13,000 $18,400

[wagering suggestions for these scores]

Final Jeopardy! Round responses

20th CENTURY ART
[NOTE: Caitlin is Colin's sister and he said it was her birthday today.]
AimeeWhat is Guernica?
$4,000
LindseyWhat is Guernica?
$7,000
ColinWhat is Guernica? (Happy Birthday Caitlin!)
$7,700
Guernica

Final scores:

Aimee Lindsey Colin
$8,400 $20,000 $26,100
3rd place: $1,000 2nd place: $2,000 New champion: $26,100

Game dynamics:

Coryat scores:

Aimee Lindsey Colin
$4,400 $12,800 $11,800
14 R,
5 W
14 R
(including 1 DD),
0 W
20 R
(including 2 DDs),
4 W

Combined Coryat: $29,000

The J! Archive is created by fans, for fans. The Jeopardy! game show and all elements thereof, including but not limited to copyright and trademark thereto, are the property of Jeopardy Productions, Inc. and are protected under law. This website is not affiliated with, sponsored by, or operated by Jeopardy Productions, Inc. Join the discussion at JBoard.tv.